Géographie de Paris par lettre - D - Statistiques

Statistiques générales
  • Ce quiz a été pris 21 fois
  • Le résultat moyen est 4 sur 20
Statistiques - réponses
Question Réponse % Correct
Quartier d'affaires de Paris Défense
78%
Station de métro située dans le 14e, proche des catacombes Denfert-Rochereau
72%
Monument majestueux situé aux Invalides, sous lequel repose Napoléon Dôme des Invalides
61%
Hôtel de ventes aux enchères légendaire du 9e Drouot
44%
Station du métro 6, qui offre une vue sur la Tour Eiffel Dupleix
39%
Station de métro située à la limite du 15e et du 7e Duroc
33%
Station proche des Buttes-Chaumont Danube
28%
Quartier administratif chic du 8e arrondissement Dauphiné
17%
Rue célèbre du 14e arrondissement, connue pour ses commerces de bouche Daguerre (Rue)
6%
Promenade suspendue unique du 12e arrondissement Dumont
6%
Musée de la Sorbonne spécialisé dans les lettres et arts Dactylographie
0%
Lieu culturel dans le 11e, ancienne fonderie transformée Dallage
0%
Ancienne rue de Paris, renommée pour son histoire médiévale Damiette (Rue de)
0%
Nom d'une place très ancienne située dans le quartier de la Sorbonne Dante
0%
Quartier historique, célèbre pour sa place du même nom et ses hôtels particuliers Dauphine (Place)
0%
Espace culturel situé dans le 10e, près du canal Saint-Martin Déluge
0%
Institution culturelle dédiée à la recherche sur les arts Dépôt des Arts
0%
Lieu de savoir du 5e, haut lieu de la recherche française Dépôt des Marbres
0%
Place située derrière la mairie du 18e Dortan
0%
Immeuble emblématique de l’Art déco dans le 16e arrondissement Draeger
0%
Aucun quiz correspondant
Distribution des résultats
% des personnes avec chaque résultat
Percentile par nombre de réponses
Votre historique - résultats
Vous n’avez pas pris ce quiz